Statistics for The Clues are in German - Animals

Click here to take the quiz!

General Stats

  • This quiz has been taken 41 times
  • The average score is 11 of 17

Answer Stats

HintAnswer% Correct
In welchem Land sind Koalas und Emus einheimisch?Australien
94%
Welche Maus repräsentiert den Disney-Konzern?Micky
92%
Was essen Pandabären hauptsächlich?Bambus
81%
Wer stellt Honig her und ernährt seine Königin mit Gelée Royal?Bienen
81%
In welcher Religion gelten Kühe als heilige Tiere?Hinduismus
78%
Wovon haben Kamele zwei, Dromendare eins?Höcker
75%
Was sind Dackel, Bernhardiner und Neufundländer?Hunde
75%
Mit welchem Organ produzieren Kühe Milch?Euter
72%
Wie nennt man eine männliche Katze?Kater
72%
Welches malariaübetragende Insekt ist das für Menschen tödlichste Tier?Stechmücke
72%
Welche Disziplin der Biologie befasst sich mit Tieren?Zoologie
56%
Welches Tier ruft "Kikeriki"?Hahn
53%
Welches von Kühen ausgestoßene Gas trägt zur globalen Erwärmung bei?Methan
53%
Wie werden sowohl Menschen als auch eine Vogelart aus Neuseeland genannt?Kiwi
50%
Welches ist das Wappentier der Vereinigten Staaten?der Weißkopfseeadler
42%
Was für eine Art Skelett haben Insekten?Exoskelett
36%
Wer verhält sich in einem Porzellanladen sprichwörtlich ungeschickt?ein Elefant
25%

Score Distribution

Percentile by Number Answered

Percent of People with Each Score

Your Score History

You have not taken this quiz